Statistics for Regions of Belarus (With a Map)

Click here to take the quiz!

General Stats

  • This quiz has been taken 164 times
  • The average score is 6 of 7

Answers on the Map

Answers color-coded by a green-red scale on the quiz's map according to % correct below.
 

Answer Stats

Answer% Correct
Minsk
96%
Minsk (City)
96%
Brest
85%
Gomel
81%
Grodno
72%
Vitebsk
70%
Mogilev
61%

Score Distribution

Percentile by Number Answered

Percent of People with Each Score

Your Score History

You have not taken this quiz